Dragon ball - Statistiques

Statistiques générales
  • Ce quiz a été pris 107 fois
  • Le résultat moyen est 7 sur 10
Statistiques - réponses
Question Réponse % Correct
Comment s'appelle le personnage principal ? Goku
100%
Qui est le dieu de la destruction ? Beerus
96%
Quel est le travail de Bulma dans Dragon Ball Super ? Directrice de Capsule Corp.
94%
Qui est la femme de Goku ? Chichi
93%
Qui est le fils de Bulma ? Trunks
92%
Quel est le travail de Krillin dans Dragon Ball Super ? Policier
88%
Qui a tué Tortue Géniale en 1er ? Roi Démon Piccolo
80%
Qui est le cuisinier de Beerus dans Dragon Ball Super ? Lemo
40%
Qui est le chef des Heeters ? Elec
29%
Qui a rassemblé les Dragon Ball en 1er ? Son Goku
12%
Aucun quiz correspondant
Distribution des résultats
% des personnes avec chaque résultat
Percentile par nombre de réponses
Votre historique - résultats
Vous n’avez pas pris ce quiz